Statistiken für Flächenmässig grösste Gemeinden im Kanton Basel-Landschaft

Klicken Sie hier um das Quiz zu spielen!

Allgemein

  • Dieses Quiz wurde 15 mal gespielt
  • Das Durchschnittsergebnis liegt bei 6 aus 12

Antwortstatistiken

Fläche km²BezirkGemeinde% Korrekt
18.18LiestalLiestal
93%
11.40LaufenLaufen
80%
16.65ArlesheimMuttenz
73%
10.71LiestalPratteln
67%
10.80LiestalBubendorf
60%
9.78SissachGelterkinden
60%
15.66WaldenburgLangenbruck
53%
10.07LaufenRöschenz
40%
12.46LaufenLiesberg
33%
10.00LiestalArisdorf
27%
11.18WaldenburgEptingen
27%
10.95SissachRothenfluh
7%

Verteilung der Resultate

Perzentil nach korrekt beantworteten Fragen

Anzahl Personen mit jedem Resultat

Ihre Resultats-Entwicklung

Sie haben dieses Quiz noch nicht gespielt